Normal view
MARC view
- multisource (MS) inverters.
Entry Topical Term
001 - CONTROL NUMBER
- control field: 66114
003 - CONTROL NUMBER IDENTIFIER
- control field: OSt
005 - DATE AND TIME OF LATEST TRANSACTION
- control field: 20250331092743.0
008 - FIXED-LENGTH DATA ELEMENTS
- fixed length control field: 250331|| aca||babn | a|a d
040 ## - CATALOGING SOURCE
- Original cataloging agency: OSt
150 ## - HEADING--TOPICAL TERM
- Topical term or geographic name entry element: multisource (MS) inverters.
